| 000 | 00930nam a22002417a 4500 | ||
|---|---|---|---|
| 005 | 20250703143022.0 | ||
| 007 | cr |||aaa||||| | ||
| 008 | 250614s2024 ck|do||foz||| 001 e spa d | ||
| 020 | _a9789587229646 | ||
| 040 |
_aMX-MxUPN _bspa _cMX-MxUPN _eaacr2 |
||
| 041 | _aspa | ||
| 050 | _aQ1755 | ||
| 100 | 1 |
_aViáfara Ortiz, Robinson _955652 |
|
| 245 |
_aAvanzando en la educación científica : _bpropuestas basadas en la investigación del diseño para la alfabetización científica _h[recurso electrónico en línea] |
||
| 260 |
_aPereira, Colombia : _bEditorial Universidad Tecnológica de Pereira, _c2024 |
||
| 300 |
_a1 recurso electrónico (129 páginas) : _bPDF |
||
| 500 | _aIncluye bibliografía | ||
| 650 | 4 |
_aAlfabetización digital _921774 |
|
| 650 | 4 |
_aCiencia _xEstudio y enseñanza _96354 |
|
| 856 | _uhttps://hdl.handle.net/11059/14491 | ||
| 902 | _aMaiella Martínez / 13062025 | ||
| 942 |
_2lcc _cLIBRO-E |
||
| 999 |
_c213517 _d213517 |
||